Maʻārif-i Madniyyah, taqrīr-i tirmizī sharīf ... / (Record no. 89617)
[ view plain ]
| 000 -LEADER | |
|---|---|
| fixed length control field | 00715cam a2200205 a 4500 |
| 001 - CONTROL NUMBER | |
| control field | sa 68020872 |
| 003 - CONTROL NUMBER IDENTIFIER | |
| control field | DLC |
| 005 - DATE AND TIME OF LATEST TRANSACTION | |
| control field | 20260227112728.0 |
| 008 - FIXED-LENGTH DATA ELEMENTS--GENERAL INFORMATION | |
| fixed length control field | 950303m19659999ii 000 0 urdo |
| 010 ## - LIBRARY OF CONGRESS CONTROL NUMBER | |
| LC control number | sa 68020872 |
| 040 ## - CATALOGING SOURCE | |
| Original cataloging agency | DLC |
| Transcribing agency | DLC |
| Modifying agency | DLC |
| 050 00 - LIBRARY OF CONGRESS CALL NUMBER | |
| Classification number | BP184.2 |
| Item number | .M3 |
| 245 00 - TITLE STATEMENT | |
| Title | Maʻārif-i Madniyyah, taqrīr-i tirmizī sharīf ... / |
| Statement of responsibility, etc. | Sayyid Ḥusain Aḥmad Madnī ... va dīgar akābir ... mūʼallif, T̤āhir Ḥusain. |
| 260 ## - PUBLICATION, DISTRIBUTION, ETC. | |
| Place of publication, distribution, etc. | Thānah bhavan : |
| Name of publisher, distributor, etc. | Majlis Mʻārif-i Madnī, |
| Date of publication, distribution, etc. | [1965?-]<1975> |
| 300 ## - PHYSICAL DESCRIPTION | |
| Extent | v. <1, 8 > ; |
| Dimensions | 24 cm. |
| 546 ## - LANGUAGE NOTE | |
| Language note | In Urdu. |
| 650 #0 - SUBJECT ADDED ENTRY--TOPICAL TERM | |
| Topical term or geographic name entry element | Prayer |
| General subdivision | Islam. |
| 650 #0 - SUBJECT ADDED ENTRY--TOPICAL TERM | |
| Topical term or geographic name entry element | Hadith |
| General subdivision | Criticism, interpretation, etc. |
| 700 1# - ADDED ENTRY--PERSONAL NAME | |
| Personal name | Madnī, Sayyid Ḥusain Aḥmad, |
| Dates associated with a name | 1878-1957. |
No items available.